|
|
|
|
| LEADER |
01523nam a2200421za 4500 |
| 001 |
001000551 |
| 003 |
CZ BrMZK |
| 005 |
20200415072420.0 |
| 007 |
ta |
| 008 |
071017s2001 it a|||grfp|||||||0|engod |
| 020 |
|
|
|a 9788877546180
|q (brož.)
|
| 040 |
|
|
|a BOA001
|b cze
|
| 043 |
|
|
|a e-uk---
|
| 072 |
|
7 |
|a 811.111
|x Angličtina
|2 Konspekt
|9 11
|
| 072 |
|
7 |
|a 94(41)
|x Dějiny britských ostrovů
|2 Konspekt
|9 8
|
| 080 |
|
|
|a 94(410)
|2 MRF
|
| 080 |
|
|
|a 72/76(091)
|2 MRF
|
| 080 |
|
|
|a 811.111
|2 MRF
|
| 080 |
|
|
|a 028.4-028.31/.32
|2 MRF
|
| 080 |
|
|
|a (0.062)
|2 MRF
|
| 080 |
|
|
|a (07.063)81
|2 MRF
|
| 100 |
1 |
|
|a Clemen, Gina D. B.
|7 xx0033860
|4 aut
|
| 245 |
1 |
0 |
|a British history :
|b seen through art /
|c Gina D.B. Clemen, Laura Stagno
|
| 250 |
|
|
|a 1st edition
|
| 260 |
|
|
|a Genoa :
|b Black Cat,
|c 2001
|
| 300 |
|
|
|a 127 s. :
|b il. +
|e 1 kompaktní disk
|
| 650 |
0 |
7 |
|a dějiny umění
|7 ph119698
|z Velká Británie
|2 czenas
|
| 650 |
0 |
7 |
|a angličtina
|7 ph114056
|2 czenas
|
| 650 |
0 |
7 |
|a zjednodušená četba
|7 ph656682
|2 czenas
|
| 651 |
|
7 |
|a Velká Británie
|7 ge134525
|x dějiny
|2 czenas
|
| 653 |
0 |
|
|a jazyková úroveň B1
|
| 655 |
|
7 |
|a populárně-naučné publikace
|7 fd131864
|2 czenas
|
| 655 |
|
7 |
|a jazykové učebnice, texty, příručky (B)
|7 fd600891
|2 czenas
|
| 700 |
1 |
|
|a Stagno, Laura
|4 aut
|
| 910 |
|
|
|a BOA001
|b AK-0003.458
|
| 990 |
|
|
|a BK
|
| 991 |
|
|
|b 201004
|y British Council Brno - Czech Republic
|z 000049137
|x 99
|
| 996 |
7 |
|
|b 261E006914
|c AK-0003.458
|l Anglická knihovna/2.patro
|r ZHR
|n 51
|h AB-NF
|w 001000551
|u 000010
|a 0
|e BOA001
|j MZK50
|s A
|